Rethinking tax services <the> changing role of tax service providers in SME tax compliance

Guardado en:
Detalles Bibliográficos
Formato: Libro
Lenguaje:inglés
Publicado: Paris OECD 2016
Materias:
Etiquetas: Agregar Etiqueta
Sin Etiquetas, Sea el primero en etiquetar este registro!

MARC

LEADER 00000nam a2200000 4500
001 0228078
005 20221107101152.2
020 |a 978-92-64-25608-8 
041 0 |a eng 
044 |a FR 
245 1 0 |a Rethinking tax services  |b <the> changing role of tax service providers in SME tax compliance 
264 1 |a Paris  |b OECD  |c 2016 
300 |a 123 s. 
610 2 0 |a dane 
610 2 0 |a správa daňová 
610 2 0 |a technológie informačné 
610 2 0 |a podnik malý 
610 2 0 |a podnik stredný